All Umamusume Skills Quiz - Statistics

General Stats
  • This quiz has been taken 72 times
  • The average score is 102 of 390
Answer Stats
Skill Type Skill Category Skill Effect Skill % Correct
Blue Normal Slightly recover endurance on a corner with efficient turning. Corner Recovery ◯
68%
Blue Rare Recover endurance on a corner with efficient turning. Swinging Maestro
65%
Yellow Normal Slightly increase velocity on a corner with skilled turning. Corner Adept ◯
62%
Yellow Normal Moderately increase velocity on a corner. (Front Runner) Front Runner Corners ◎
62%
Yellow Normal Slightly increase velocity on a corner. (Front Runner) Front Runner Corners ◯
62%
Yellow Normal Moderately increase velocity on a straight. (Front Runner) Front Runner Straightaways ◎
62%
Yellow Normal Slightly increase velocity on a straight. (Front Runner) Front Runner Straightaways ◯
62%
Yellow Normal Moderately increase velocity on a straight. (Pace Chaser) Pace Chaser Straightaways ◎
62%
Yellow Normal Slightly increase velocity on a straight. (Pace Chaser) Pace Chaser Straightaways ◯
62%
Blue Unique Recover endurance and moderately increase velocity for a moderate duration when sitting off the pace on a corner in the second half of the race. U=ma2
62%
Yellow Normal Moderately increase velocity on a straight. (End Closer) End Closer Straightaways ◎
57%
Yellow Normal Slightly increase velocity on a straight. (End Closer) End Closer Straightaways ◯
57%
Yellow Normal Slightly decrease time lost to slow starts. Focus
57%
Yellow Normal Moderately increase velocity on a straight. (Late Surger) Late Surger Straightaways ◎
57%
Yellow Normal Slightly increase velocity on a straight. (Late Surger) Late Surger Straightaways ◯
57%
Yellow Rare Increase velocity on a corner with skilled turning. Professor of Curvature
57%
Green Normal Increase ability to get into a good position. (Front Runner) Front Runner Savvy ◎
54%
Green Normal Moderately increase ability to get into a good position. (Front Runner) Front Runner Savvy ◯
54%
Yellow Normal Moderately increase velocity on a corner. (Late Surger) Late Surger Corners ◎
54%
Yellow Normal Slightly increase velocity on a corner. (Late Surger) Late Surger Corners ◯
54%
Yellow Normal Moderately increase velocity on a corner. (Pace Chaser) Pace Chaser Corners ◎
54%
Yellow Normal Slightly increase velocity on a corner. (Pace Chaser) Pace Chaser Corners ◯
54%
Yellow Normal Slightly increase velocity on a straight. Straightaway Adept
54%
Yellow Unique Moderatety increase velocity steadily with a long spurt starting halfway through the race. Anchors Aweigh!
51%
Yellow Rare Decrease time lost to slow starts. Concentration
51%
Yellow Normal Moderately increase velocity on a corner. (End Closer) End Closer Corners ◎
51%
Yellow Normal Slightly increase velocity on a corner. (End Closer) End Closer Corners ◯
51%
Green Normal Increase performance on firm ground. Firm Conditions ◎
49%
Green Normal Moderately increase performance on firm ground. Firm Conditions ◯
49%
Blue Rare Recover endurance mid-race. (Pace Chaser) Gourmand
49%
Green Normal Increase performance at Hanshin Racecourse. Hanshin Racecourse ◎
49%
Green Normal Moderately increase performance at Hanshin Racecourse. Hanshin Racecourse ◯
49%
Negative/Purple Normal Decrease performance at Hanshin Racecourse. Hanshin Racecourse x
49%
Green Normal Increase ability to get into a good position. (Late Surger) Late Surger Savvy ◎
49%
Green Normal Moderately increase ability to get into a good position. (Late Surger) Late Surger Savvy ◯
49%
Green Normal Increase performance on left-handed tracks. Left-Handed ◎
49%
Green Normal Moderately increase performance on left-handed tracks. Left-Handed ◯
49%
Yellow Normal Moderately increase velocity on a straight. (Long) Long Straightaways ◎
49%
Yellow Normal Slightly increase velocity on a straight. (Long) Long Straightaways ◯
49%
Green Normal Increase performance at Nakayama Racecourse. Nakayama Racecourse ◎
49%
Green Normal Moderately increase performance at Nakayama Racecourse. Nakayama Racecourse ◯
49%
Negative/Purple Normal Decrease performance at Nakayama Racecourse. Nakayama Racecourse x
49%
Yellow Normal Slightly increase maneuverability when the way ahead is blocked in the last spurt. Nimble Navigator
49%
Green Normal Increase performance on right-handed tracks. Right-Handed ◎
49%
Green Normal Moderately increase performance on right-handed tracks. Right-Handed ◯
49%
Yellow Unique Increase acceleration at an opportune moment when in the lead on a corner late-race. Angling and Scheming
46%
Green Normal Increase ability to get into a good position. (End Closer) End Closer Savvy ◎
46%
Green Normal Moderately increase ability to get into a good position. (End Closer) End Closer Savvy ◯
46%
Green Normal Increase performance at Kyoto Racecourse. Kyoto Racecourse ◎
46%
Green Normal Moderately increase performance at Kyoto Racecourse. Kyoto Racecourse ◯
46%
Negative/Purple Normal Decrease performance at Kyoto Racecourse. Kyoto Racecourse x
46%
Green Normal Moderately increase performance when no other runners have the heart of a lone wolf. Lone Wolf
46%
Yellow Normal Moderately increase velocity on a corner. (Long) Long Corners ◎
46%
Yellow Normal Slightly increase velocity on a corner. (Long) Long Corners ◯
46%
Yellow Normal Moderately increase velocity on a corner. (Medium) Medium Corners ◎
46%
Yellow Normal Slightly increase velocity on a corner. (Medium) Medium Corners ◯
46%
Yellow Normal Moderately increase velocity on a straight. (Medium) Medium Straightaways ◎
46%
Yellow Normal Slightly increase velocity on a straight. (Medium) Medium Straightaways ◯
46%
Yellow Normal Moderately increase velocity on a corner (Mile) Mile Corners ◎
46%
Yellow Normal Slightly increase velocity on a corner (Mile) Mile Corners ◯
46%
Yellow Normal Moderately increase velocity on a straight. (Mile) Mile Straightaways ◎
46%
Yellow Normal Slightly increase velocity on a straight. (Mile) Mile Straightaways ◯
46%
Green Normal Increase ability to get into a good position. (Pace Chaser) Pace Chaser Savvy ◎
46%
Green Normal Moderately increase ability to get into a good position. (Pace Chaser) Pace Chaser Savvy ◯
46%
Yellow Normal Moderately increase velocity on a corner. (Sprint) Sprint Corners ◎
46%
Yellow Normal Slightly increase velocity on a corner. (Sprint) Sprint Corners ◯
46%
Yellow Normal Moderately increase velocity on a straight. (Sprint) Sprint Straightaways ◎
46%
Yellow Normal Slightly increase velocity on a straight. (Sprint) Sprint Straightaways ◯
46%
Blue Normal Slightly recover endurance on a straight. Straightaway Recovery
46%
Green Normal Moderately increase performance when many runner share a sympathetic heart. Sympathy
46%
Green Normal Increase performance at Tokyo Racecourse. Tokyo Racecourse ◎
46%
Green Normal Moderately increase performance at Tokyo Racecourse. Tokyo Racecourse ◯
46%
Negative/Purple Normal Decrease performance at Tokyo Racecourse. Tokyo Racecourse x
46%
Yellow Unique Greatly increase ability to break out of the pack by opening up a path when positioned toward the front with 200m remaining. Triumphant Pulse
46%
Yellow Unique Greatly increase velocity on the final straight after passing another runner 3 times late-race. Behold Thine Emperor's Divine Might
43%
Yellow Normal Slightly increase acceleration on a corner with masterful turning. Corner Acceleration ◯
43%
Yellow Normal Slightly increase velocity in the last spurt. Homestretch Haste
43%
Yellow Unique Increase acceleration by shifting gears when positioned toward the front on the final corner or later. Red Shift/LP1211-M
43%
Green Normal Moderately good things may happen when in bracket 7. Lucky Seven
41%
Green Normal Increase performance at Oi Racecourse. Oi Racecourse ◎
41%
Green Normal Moderately increase performance at Oi Racecourse. Oi Racecourse ◯
41%
Negative/Purple Normal Decrease performance at Oi Racecourse. Oi Racecourse x
41%
Green Normal Increase performance on good, soft, and heavy ground. Wet Conditions ◎
41%
Green Normal Moderately increase performance on good, soft, and heavy ground. Wet Conditions ◯
41%
Yellow Normal Slightly increase velocity on an uphill. (Late Surger) 1,500,000 CC
38%
Red Rare Startle other runners late-race. (Late Surger) All-Seeing Eyes
38%
Blue Rare Recover endurance on a straight. Breath of Fresh Air
38%
Yellow Rare Increase acceleration on a corner with masterful turning. Corner Connoisseur
38%
Yellow Normal Slightly increase acceleration after activating many skills early-race. Groundwork
38%
Blue Normal Slightly reduce fatigue on an uphill. (Front Runner) Moxie
38%
Green Rare Attempt to gain an especially large lead and keep it until the finish. (Front Runner) Runaway
38%
Green Normal Increase performance in fall. Fall Runner ◎
35%
Green Normal Moderately increase performance in fall. Fall Runner ◯
35%
Negative/Purple Normal Moderately decrease performance in fall. Fall Runner x
35%
Red Normal Slightly increase fatigue for front runners mid-race. Flustered Front Runners
35%
Green Normal Increase performance when 4th favorite or below. Long Shot ◎
35%
Green Normal Moderately increase performance when 4th favorite or below. Long Shot ◯
35%
Red Normal Slightly disturb runners directly ahead mid-race. (Medium) Murmur
35%
Green Normal Increase performance over non-standard distances (non-multiples of 400m) Non-Standard Distance ◎
35%
Green Normal Moderately increase performance over non-standard distances (non-multiples of 400m) Non-Standard Distance ◯
35%
Negative/Purple Normal Moderately decrease performance over standard distances (multiples of 400m) Non-Standard Distance x
35%
Yellow Rare Increase maneuverability when the way ahead is blocked in the last spurt. No Stopping Me!
35%
Yellow Unique Swell with the determination to be number one when positioned toward the front in the second half of the race. Resplendent Red Ace
35%
Yellow Unique Increase velocity with beastly strength when passing another runner on the outside on the final corner or later. If the user engaged in a challenge mid-race, greatly increase velocity instead. Shadow Break
35%
Yellow Unique Increase acceleration with a pow, a wow, and a bang when well-positioned upon approaching the final straight. Shooting for Victory!
35%
Green Normal Increase performance over standard distances (multiples of 400m). Standard Distance ◎
35%
Green Normal Moderately increase performance over standard distances (multiples of 400m). Standard Distance ◯
35%
Negative/Purple Normal Moderately decrease performance over non-standard distances (non-multiples of 400m) Standard Distance x
35%
Yellow Normal Slightly increase acceleration on a straight. Straightaway Acceleration
35%
Green Normal Increase performance in cloudy weather. Cloudy Days ◎
32%
Green Normal Moderately increase performance in cloudy weather. Cloudy Days ◯
32%
Yellow Normal Slightly increase ability to go to the front early-race. (Front Runner) Early Lead
32%
Red Normal Slightly increase fatigue for end closers mid-race. Flustered End Closers
32%
Red Normal Slightly increase fatigue for late surgers mid-race. Flustered Late Surgers
32%
Red Normal Slightly increase fatigue for pace chasers mid-race. Flustered Pace Chasers
32%
Red Normal Increase time needed for end closers to calm down when they become rushed. Frenzied End Closers
32%
Green Normal Increase performance at Hakodate Racecourse. Hakodate Racecourse ◎
32%
Green Normal Moderately increase performance at Hakodate Racecourse. Hakodate Racecourse ◯
32%
Blue Normal Slightly recover endurance mid-race. (Pace Chaser) Hydrate
32%
Green Normal Increase performance in brackets 1-3. Inner Post Proficiency ◎
32%
Green Normal Moderately increase performance in brackets 1-3. Inner Post Proficiency ◯
32%
Green Normal Increase performance at Kokura Racecourse. Kokura Racecourse ◎
32%
Green Normal Moderately increase performance at Kokura Racecourse. Kokura Racecourse ◯
32%
Negative/Purple Normal Decrease performance at Kokura Racecourse. Kokura Racecourse x
32%
Yellow Unique Increase acceleration in an attempt to move up on a corner late-race. Let's Pump Some Iron
32%
Yellow Unique Increase velocity with smoldering ambition when moving up from midpack on the final corner or later. Nemesis
32%
Green Normal Increase performance in brackets 6-8. Outer Post Proficiency ◎
32%
Green Normal Moderately increase performance in brackets 6-8. Outer Post Proficiency ◯
32%
Blue Rare Decrease fatigue mid-race. (Pace Chaser) Race Planner
32%
Yellow Normal Slightly increase velocity when passing another runner mid-race. Ramp Up
32%
Green Normal Increase performance at Sapporo Racecourse. Sapporo Racecourse ◎
32%
Green Normal Moderately increase performance at Sapporo Racecourse. Sapporo Racecourse ◯
32%
Negative/Purple Normal Decrease performance at Sapporo Racecourse. Sapporo Racecourse x
32%
Yellow Unique Greatly increase velocity with flashy footwork when closing gap to runners ahead on the final straight. Sky-High Teio Step
32%
Green Normal Moderately increase performance in spring. Spring Runner ◎
32%
Green Normal Moderately increase performance in spring. Spring Runner ◯
32%
Negative/Purple Normal Moderately decrease performance in spring. Spring Runner x
32%
Yellow Normal Slightly increase acceleration on a straight in the last spurt. (End Closer) Straightaway Spurt
32%
Green Normal Increase performance in summer. Summer Runner ◎
32%
Green Normal Moderately increase performance in summer. Summer Runner ◯
32%
Negative/Purple Normal Moderately decrease performance in summer. Summer Runner x
32%
Yellow Normal Slightly increase velocity after activating many skills mid-race. Tail Held High
32%
Red Normal Slightly increase fatigue for rushed runners behind when positioned toward the front mid-race. Trick (Front)
32%
Yellow Normal Slightly increase velocity when close to many runners. Uma Stan
32%
Green Normal Increase performance in winter. Winter Runner ◎
32%
Green Normal Moderately increase performance in winter. Winter Runner ◯
32%
Negative/Purple Normal Moderately decrease performance in winter. Winter Runner x
32%
Green Normal Increase performance when many other runners are using the same strategy. Competitive Spirit ◎
30%
Green Normal Moderately increase performance when many other runners are using the same strategy. Competitive Spirit ◯
30%
Blue Rare Decrease fatigue by taking a breather upon entering a straight. (Long) Cooldown
30%
Blue Normal Slightly decrease fatigue by taking a breather upon entering a straight (Long) Deep Breaths
30%
Yellow Normal Moderately avoid becoming surrounded early-race. (Front Runner) Dodging Danger
30%
Red Rare Decrease velocity of runners ahead when positioned toward the back late-race. (Medium) Dominator
30%
Red Normal Increase time needed for front runners to calm down when they become rushed. Frenzied Front Runners
30%
Red Normal Increase time needed for late surgers to calm down when they become rushed. Frenzied Late Surgers
30%
Red Normal Increase time needed for pace chasers to calm down when they become rushed. Frenzied Pace Chasers
30%
Yellow Normal Slightly improve running on an uphill. Highlander
30%
Yellow Rare Increase velocity in the last spurt. In Body and Mind
30%
Yellow Rare Widen the margin when positioned toward the front early-race. (Mile) Mile Maven
30%
Green Normal Increase performance in rainy weather. Rainy Days ◎
30%
Green Normal Moderately increase performance in rainy weather. Rainy Days ◯
30%
Green Normal Increase performance in sunny weather. Sunny Days ◎
30%
Green Normal Moderately increase performance in sunny weather. Sunny Days ◯
30%
Green Rare Good things may happen when in bracket 7. Super Lucky Seven
30%
Red Normal Slightly decrease velocity of runners ahead when positioned toward the back late-race. (Medium) Tether
30%
Blue Normal Slightly reduce fatigue on a downhill. (End Closer) After-School Stroll
27%
Yellow Rare Increase velocity on a straight. Beeline Burst
27%
Yellow Rare Greatly increase navigation early-race. Center Stage
27%
Yellow Unique Become stronger at challenging rivals and increase velocity when positioned toward the front with 200m or less remaining. Cut and Drive!
27%
Yellow Rare Increase acceleration on a straight in the last spurt. (End Closer) Encroaching Shadow
27%
Yellow Normal Burn bright with team spirit, slightly increasing velocity in proportion to the total Speed of racing team members mid-race. Ignited Spirit SPD
27%
Blue Rare Recover endurance when the way ahead is jammed early-race or mid-race. Iron Will
27%
Yellow Normal Slightly increase ability to pass or challenge another runner early-race or mid-race. (Front Runner) Leader's Pride
27%
Yellow Unique Gain momentum and begin to advance when passing another runner while well-positioned around halfway through the race. #LookatCurren
27%
Yellow Unique Increase velocity and navigation with the pure euphoria of being within breathing distance of precious waifus after passing another runner 2 times. OMG! ☆ The Final Sprint (゚∀゚)
27%
Yellow Rare Increase acceleration late-race. (Late Surger) On Your Left!
27%
Yellow Normal Slightly increase ability to break out of the pack on the final corner. (Pace Chaser) Prepared to Pass
27%
Blue Unique Greatly recover endurance when well-positioned mid-race. Pure Heart
27%
Yellow Unique Slightly swell with the determination to be number one when positioned toward the front in the second half of the race. Red Ace
27%
Yellow Unique Ride the momentum to increase velocity and very slightly increase acceleration after passing another runner toward the front late-race. Shooting Star
27%
Green Normal Increase performance in snowy weather. Snowy Days ◎
27%
Green Normal Moderately increase performance in snowy weather. Snowy Days ◯
27%
Red Normal Slightly increase fatigue for rushed runners ahead when positioned toward the back mid-race. Trick (Rear)
27%
Blue Normal Slightly gain energy with 777m remaining. Triple 7s
27%
Yellow Rare Increase acceleration on a straight. (Sprint) Turbo Sprint
27%
Blue Rare Recover endurance when surrounded mid-race. Unruffled
27%
Yellow Rare Increase ability to go to the front mid-race. (Front Runner) Escape Artist
24%
Blue Normal Slightly regain the energy to run when close to exhausting strength. (Long) Extra Tank
24%
Yellow Normal Slightly increase ability to maintain the lead when leading by a large margin mid-race. (Sprint) Huge Lead
24%
Yellow Normal Burn bright with team spirit, very slightly increasing vigor in proportion to the total Guts of racing team members late-race. Ignited Spirit GUTS
24%
Yellow Normal Burn bright with team spirit, slightly increasing acceleration in proportion to the total Power of racing team members late-race. Ignited Spirit PWR
24%
Blue Rare Recover endurance when passed by another runner mid-race. Indomitable
24%
Red Rare Disturb runners directly ahead mid-race. (Medium) Mystifying Murmur
24%
Yellow Normal Slightly increase velocity when followed by another runner directly behind for a long time. Playtime's Over!
24%
Yellow Unique Greatly Increase velocity in a true display of skill with 200m remaining after racing calmly. Prideful King
24%
Yellow Normal Increase navigation early-race. Prudent Positioning
24%
Yellow Rare Increase acceleration on a straight. Rushing Gale!
24%
Yellow Normal Slightly increase acceleration late-race. (Late Surger) Slick Surge
24%
Red Normal Very slightly steal endurance from runners ahead when positioned toward the back mid-race. (Long) Stamina Eater
24%
Yellow Rare Increase ability to go to the front early-race. (Front Runner) Taking the Lead
24%
Yellow Unique Increase velocity by drawing on all remaining strength when in the lead by a fair margin in the second half of the race. The View from the Lead is Mine!
24%
Yellow Unique Slightly increase velocity with a long spurt starting halfway through the race. Warning Shot!
24%
Yellow Rare Burn bright with team spirit, increasing vigor in proportion to the total Guts of racing team members late-race. Burning Spirit GUTS
22%
Yellow Rare Burn bright with team spirit, increasing acceleration in proportion to the total Power of racing team members late-race. Burning Spirit PWR
22%
Yellow Rare Burn bright with team spirit, increasing velocity in proportion to the total Speed of racing team members mid-race. Burning Spirit SPD
22%
Blue Rare Burn bright with team spirit, recovering endurance in proportion to the total Stamina of racing team members mid-race. Burning Spirit STA
22%
Yellow Rare Burn bright with team spirit, increasing strategic navigation in proportion to the total Wit of racing team members early-race. Burning Spirit WIT
22%
Yellow Unique Chase after an unseen friend when in midpack in the second half of the race, moderately increasing velocity steadily and very slightly intimidating runners ahead. Chasing After You
22%
Yellow Normal Slightly increase ability to go to the front mid-race. (Front Runner) Fast-Paced
22%
Yellow Normal Slightly increase ability to keep the lead on the final corner. (Front Runner) Final Push
22%
Negative/Purple Normal Moderately increase time lost to slow starts. Gatekept
22%
Red Normal Slightly decrease velocity of front runners late-race. Hesitant Front Runners
22%
Red Normal Slightly decrease velocity of late surgers late-race. Hesitant Late Surgers
22%
Red Normal Slightly decrease velocity of pace chasers late-race. Hesitant Pace Chasers
22%
Blue Normal Burn bright with team spirit, slightly recovering endurance in proportion to the total Stamina of racing team members mid-race. Ignited Spirit STA
22%
Yellow Normal Burn bright with team spirit, slightly increasing strategic navigation in proportion to the total Wit of racing team members early-race. Ignited Spirit WIT
22%
Yellow Unique Aim for the front with unwavering determination when passing another runner from midpack or further back on a corner late-race. I Never Goof Up!
22%
Red Normal Moderately intimidate runners behind when positioned toward the front early-race. (Sprint) Intimidate
22%
Yellow Unique Clear a path forward with the power of divination when the way ahead is jammed late-race. I See Victory in My Future!
22%
Yellow Rare Increase velocity when passing another runner mid-race. It's On!
22%
Green Normal Greatly increase performance when no other runners are using the same strategy. Maverick ◎
22%
Green Normal Increase performance when no other runners are using the same strategy. Maverick ◯
22%
Yellow Normal Slightly decrease wind resistance when following directly behind another runner. Slipstream
22%
Blue Normal Slightly decrease fatigue when moving sideways. (Medium) Soft Step
22%
Red Normal Slightly steal velocity from runners behind when positioned toward the front mid-race. (Mile) Speed Eater
22%
Red Normal Slightly increase fatigue for end closers early-race. Subdued End Closers
22%
Red Normal Slightly increase fatigue for front runners early-race. Subdued Front Runners
22%
Red Normal Slightly increase fatigue for late surgers early-race. Subdued Late Surgers
22%
Red Normal Slightly increase fatigue for pace chasers early-race. Subdued Pace Chasers
22%
Yellow Normal Slightly increase acceleration when passing another runner mid-race. (Mile) Acceleration
19%
Yellow Unique Increase velocity with the stride of an empress when passing another runner from midpack or further back on the final corner. Blazing Pride
19%
Yellow Rare Widen field of view with heightened observation early-race. (Medium) Clairvoyance
19%
Red Normal Slighty narrow the field of view for runners behind when positioned toward the front late-race. (Pace Chaser) Disorient
19%
Yellow Normal Slightly increase acceleration for a medium duration when trying to pass another runner. (Late Surger) Fighter
19%
Yellow Rare Increase passing ability when positioned toward the back late-race. (Mile) Furious Feat
19%
Yellow Unique Increase velocity with BAKUSHIN power when engaged in a challenge toward the front in the second half of the race. Genius x Bakushin = Victory
19%
Yellow Normal Moderately widen field of view with heigthened observation early-race. (Medium) Hawkeye
19%
Red Normal Slightly decrease velocity of end closers late-race. Hesitant End Closers
19%
Yellow Unique Moderately increaase velocity with an arousal of fighting spirit when positioned 3rd and about to lose late-race. I Can Win Sometimes, Right?
19%
Yellow Rare Increase passing ability when positioned toward the front upon approaching late-race. (Sprint) Plan X
19%
Yellow Rare Increase the ability to break out of the pack on the final corner. (Pace Chaser) Speed Star
19%
Red Rare Slightly steal endurance from runners ahead when positioned toward the back mid-race. (Long) Stamina Siphon
19%
Blue Unique Recover endurance with a glance at nearby runners when positioned toward the back on the final corner. Super-Duper Climax
19%
Yellow Unique Increase velocity with royal brilliance when positioned toward the front and close to the runner ahead or behind on the final corner or later. This Dance Is for Vittoria!
19%
Yellow Rare Increase velocity on an uphill. (Late Surger) 15,000,000 CC
16%
Yellow Unique Increase velocity enthusiastically when positioned toward the front in the second half of the race after recovering endurance with a skill. A Kiss for Courage
16%
Yellow Normal Slightly increase velocity when well-positioned on a straight in the last spurt. (Medium) All I've Got
16%
Blue Normal Slightly recover endurance late-race. (Late Surger) A Small Breather
16%
Yellow Unique Greatly increase velocity with an indomitable fighting spirit on the final straight after being on the heels of another runner toward the front of the final corner or later. Certain Victory
16%
Yellow Unique Moderately increase velocity with BAKUSHIN power when engaged in a challenge toward the front in the second half of the race. Class Rep + Speed = Bakushin
16%
Yellow Normal Slightly increase passing ability when positioned toward the front upon approaching late-race. (Sprint) Countermeasure
16%
Yellow Rare Moderately improve running on a downhill. (Pace Chaser) Determined Descent
16%
Yellow Normal Very slightly increase velocity for a medium duration when positioned toward the back mid-race. (End Closer) Early Start
16%
Yellow Unique Moderately increase velocity with the stride of an empress when passing another runner from midpack or further back on the final corner. Empress's Pride
16%
Yellow Rare Increase velocity mid-race. (Late Surger) Fast and Furious
16%
Blue Rare Reduce fatigue on a downhill. (End Closer) Go-Home Specialist
16%
Yellow Normal Slightly increase acceleration when positioned toward the front late-race. (Pace Chaser) Head-On
16%
Yellow Normal Slightly increase velocity when near the inner rail on the final corner. (Long) Inside Scoop
16%
Red Normal Slightly unnerve runners in focus late-race. (End Closer) Intense Gaze
16%
Yellow Rare Increase positioning ability when positioned toward the front mid-race. (Medium) Killer Tunes
16%
Yellow Unique Greatly increase velocity with a dazzling display when just breaking out of the pack toward the front on the final straight. Lights of Vaudeville
16%
Yellow Normal Slightly increase velocity when passing another runner on the outside on the final corner. (Late Surger) Outer Swell
16%
Blue Normal Slightly decrease fatigue mid-race. (Pace Chaser) Preferred Position
16%
Red Normal Slightly dull movement for runners ahead when not in the lead early-race. (Front Runner) Restart
16%
Yellow Rare Increase velocity when passing another runner on the outside on the final corner. (Late Surger) Rising Dragon
16%
Red Normal Slightly startle other runners late-race. (Late Surger) Sharp Gaze
16%
Blue Normal Slightly decrease fatigue upon approaching mid-race. (Pace Chaser) Stamina to Spare
16%
Yellow Normal Slightly improve running on a downhill. (Pace Chaser) Straight Descent
16%
Yellow Unique Increase velocity with the determination to not be overtaken when positioned toward the front on the final corner. The Duty of Dignity Calls
16%
Yellow Normal Slightly increase velocity when engaged in a challenge mid-race. (Dirt) Top Pick
16%
Blue Rare Decrease fatigue when positioned toward the front mid-race. (Medium) Trackblazer
16%
Yellow Rare Increase abilty to keep the lead on the final corner. (Front Runner) Unrestrained
16%
Yellow Rare Increase ability to maintain the lead when leading by a fair margin mid-race. (Long) Vanguard Spirit
16%
Yellow Unique Hang on to the advantage when positioned toward the front with energy to spare on the final straight. Victoria por Plancha ☆
16%
Yellow Unique Become stronger at challenging rivals and moderately increase velocity when positioned toward the front with 200m or less remaining. Xceleration
16%
Blue Rare Regain the energy to run when close to exhausting strength. (Long) Adrenaline Rush
14%
Yellow Unique Increase velocity with strong willpower on the final straight after passing another runner in the front part of the pack on the final corner or later. Blue Rose Closer
14%
Yellow Unique Increase velocity in a true display of skill with 200m remaining after racing calmly. Call Me King
14%
Blue Rare Decrease fatigue upon approaching mid-race. (Pace Chaser) Calm and Collected
14%
Yellow Unique Increase acceleration with blazing passion when aiming for the front from midpack on the final corner. Condor's Fury
14%
Red Rare Moderately narrow the field of view for runners behind when positioned toward the front late-race. (Pace Chaser) Dazzling Disorientation
14%
Blue Unique Recover endurance by relaxing after activating 2 skills mid-race. Dazzl'n ♪ Diver
14%
Blue Unique Suck endurance from runners ahead when well-positioned and pressured by another runner mid-race. Every Rose Has Its Fangs
14%
Green Rare Increase performance in fall, boosting Speed and Power. Fall Frenzy
14%
Yellow Unique Increase ability to break out of the pack on the straight after engaging in a challenge toward the front on the final corner or later. Flashy☆Landing
14%
Negative/Purple Normal Moderately decrease performance G1 or otherwise important races. G1 Averseness
14%
Yellow Normal Slightly increase spurting ability when positioned toward the back late-race. (Sprint) Gap Closer
14%
Yellow Unique Increase ability to break out of the pack when well-positioned and close to the runner ahead on the final straight. Give Mummy a Hug ♡
14%
Yellow Normal Slightly widen field of view with situational awareness when moving sideways. (End Closer) I Can See Right Through You
14%
Yellow Rare Increase velocity when near the inner rail on the final corner. (Long) Innate Experience
14%
Negative/Purple Normal Moderately decrease performance in brackets 1-3. Inner Post Averseness
14%
Blue Unique Moderately recover endurance and slightly increase velocity for a moderate duration when sitting off the pace on a corner in the second half of the race. Introduction to Physiology
14%
Yellow Rare Increase navigation late-race. Lane Legerdemain
14%
Yellow Normal Moderately prepare to make for the finish line for a medium duration mid-race. (Sprint) Meticulous Measures
14%
Yellow Unique Increase velocity with winning ambition when positioned toward the front on the final straight after engaging in a challenge on the final corner or later. Our Ticket to Win!
14%
Negative/Purple Normal Moderately decrease performance in brackets 6-8. Outer Post Averseness
14%
Blue Normal Slightly recover endurance when passed by another runner mid-race. Pace Strategy
14%
Yellow Normal Slightly increase velocity mid-race. (Late Surger) Position Pilfer
14%
Yellow Normal Slightly increase velocity when passing another runner late-race. (Long) Pressure
14%
Blue Rare Reduce fatigue on an uphill. (Front Runner) Restless
14%
Yellow Unique Become empowered to keep the spotlight when positioned toward the front and close to the runner behind on a straight mid-race. SPARKLY☆STARDOM
14%
Yellow Rare Increase ability to maintain the lead when leading by a large margin mid-race. (Sprint) Staggering Lead
14%
Blue Normal Slightly decrease fatigue mid-race. (End Closer) Standing By
14%
Yellow Normal Slightly widen field of view with heightened observation mid-race. (Late Surger) Studious
14%
Blue Unique Moderately recover endurance with a glance at nearby runners when positioned toward the back on the final corner. Super-Duper Stoked
14%
Yellow Normal Slightly increase acceleration when positioned toward the back mid-race. (Pace Chaser) Tactical Tweak
14%
Yellow Rare Increase ability to fight back when passed by another runner on the final corner. (Medium) Unyielding
14%
Yellow Normal Slightly increase passing ability when positioned toward the back late-race. (Mile) Updrafters
14%
Yellow Unique Increase velocity on the final straight after passing another runner on the outside toward the back on the final corner or later. You and Me! One-on-One!
14%
Red Rare Intimidate runners behind when positioned towards the front early-race. (Sprint) Adored by All
11%
Blue Normal Slightly recover endurance when positioned toward the back upon approaching mid-race. (Late Surger) Be Still
11%
Yellow Rare Increase passing ability. (Mile) Big-Sisterly
11%
Yellow Unique Slightly hang on to the advantage when positioned toward the front with energy to spare on the final straight. Corazón ☆ Ardiente
11%
Yellow Unique Increase velocity when passing another runner toward the front on the final corner. If passing toward the back, increase acceleration instead. Flowery ☆ Maneuver
11%
Yellow Normal Slightly increase ability to maintain the lead when leading by a fair margin mid-race. (Long) Keeping the Lead
11%
Yellow Unique Moderately increase acceleration steadily with a wink when starting to make a move from midpack in the second half of the race. KEEP IT REAL.
11%
Yellow Normal Slightly move up in preparation to close the gap when positioned toward the back late-race. (End Closer) Masterful Gambit
11%
Yellow Normal Slightly increase passing ability when positioned toward the front mid-race. (Mile) Shifting Gears
11%
Blue Rare Decrease fatigue mid-race. (End Closer) Sleeping Lion
11%
Yellow Normal Slightly increase acceleration on a straight. (Sprint) Sprinting Gear
11%
Yellow Rare Increase velocity when close to many runners. Superstan
11%
Green Normal Increase performance when the favorite is using the same strategy. Target in Sight ◎
11%
Green Normal Moderately increase performance when the favorite is using the same strategy. Target in Sight ◯
11%
Yellow Rare Widen field of view with heightened observation mid-race. (Late Surger) The Bigger Picture
11%
Yellow Normal Moderately avoid becoming surrounded for a medium duration when positioned toward the back mid-race. (Medium) Thunderbolt Step
11%
Blue Normal Slightly decrease fatigue and very slightly increase acceleration when positioned toward the back mid-race. (Sprint) Wait-and-See
11%
Yellow Unique Increase velocity with a strong turn of foot when passing another runner toward the back on the final straight. Where There's a Will, There's a Way
11%
Yellow Unique Increase velocity by deriving the winning equation when passing another runner toward the front on the final corner or later. ∴win Q.E.D.
11%
Yellow Unique Kick forward hard with renewed vigor when starting to get tired while well-positioned halfway through the race. YUMMY☆SPEED!
11%
Yellow Unique Slightly increase ability to break out of the pack on the straight after engaging in a challenge toward the front on the final corner or later. 1st Place Kiss☆
8%
Yellow Rare Widen field of view when positioned toward the back late-race. (End Closer) Crusader
8%
Yellow Unique Increase velocity when starting to make a move from a position toward the front mid-race. Eternal Moments
8%
Yellow Unique Moderately increase acceleration in an attempt to move up on a corner late-race. Feel the Burn!
8%
Yellow Normal Moderately prepare to aim for the front late-race. (Dirt) Forward, March!
8%
Yellow Rare Moderately increase acceleration for a medium duration when trying to pass another runner. (Late Surger) Hard Worker
8%
Red Rare Narrow the field of view for runners ahead of late-race. (Long) Illusionist
8%
Blue Rare Decrease fatigue, then moderately decrease velocity of runners ahead when positioned toward the back upon approaching mid-race. (Mile) Keen Eye
8%
Yellow Rare Prepare to aim for the front late-race. (Dirt) Lead the Charge!
8%
Yellow Unique Increase velocity when pressured by another runner and running out of energy toward the front on the final corner or later. Legacy of the Strong
8%
Red Normal Slightly dull movement for runners ahead when positioned toward the back early-race. (Mile) Opening Gambit
8%
Yellow Rare Increase velocity when passing another runner late-race. (Long) Overwhelming Pressure
8%
Blue Normal Slightly decrease fatigue when determined to pass another runner. (Long) Passing Pro
8%
Blue Rare Recover endurance late-race. (Late Surger) Relax
8%
Blue Normal Slightly decrease fatigue when positioned toward the front mid-race. (Medium) Rosy Outlook
8%
Blue Normal Slightly recover endurance after activating many skills late-race. Shake It Out
8%
Red Normal Moderately narrow the field of view for runner ahead late-race. (Long) Smoke Screen
8%
Yellow Normal Slightly increase ability to fight back when passed by another runner on the final corner. (Medium) Steadfast
8%
Yellow Rare Moderately widen field of view with situational awareness when moving sideways. (End Closer) The Coast Is Clear!
8%
Yellow Normal Slightly increase positioning ability when positioned toward the front mid-race. (Medium) Up-Tempo
8%
Yellow Rare Increase spurting ability when positioned toward the back late-race. (Sprint) Blinding Flash
5%
Yellow Unique Increase velocity with a surge of great fortune when pressured by another runner toward the back in the second half of the race. Bountiful Harvest
5%
Blue Normal Slightly recover endurance when surrounded mid-race. Calm in a Crowd
5%
Yellow Rare Increase passing ability when positioned toward the front mid-race. (Mile) Changing Gears
5%
Blue Unique Recover endurance when well-positioned mid-race. Clear Heart
5%
Yellow Rare Increase velocity when well-positioned on a straight in the last spurt. (Medium) Come What May
5%
Yellow Unique Increase velocity when positioned toward the front after making it to the final straight without faltering. G00 1st. F∞;
5%
Yellow Unique Increase velocity with flaring fighting spirit when positioned 3rd and about to lose late-race. Just a Little Farther!
5%
Blue Normal Slightly recover endurance when the way ahead is jammed early-race or mid-race. Lay Low
5%
Blue Rare Recover endurance when positioned toward the back upon approaching mid-race. (Late Surger) Lie in Wait
5%
Yellow Unique Moderately clear a path forward with the power of divination when the way ahead is jammed late-race. Luck Be with Me!
5%
Blue Rare Decrease fatigue when moving sideways. (Medium) Miraculous Step
5%
Negative/Purple Normal Moderately decrease performance when the favorite. Paddock Fright
5%
Yellow Normal Slightly widen the margin when positioned toward the front early-race. (Mile) Productive Plan
5%
Yellow Normal Slightly increase acceleration when not in the lead mid-race. (Front Runner) Second Wind
5%
Yellow Rare Moderately increase acceleration when positioned toward the back mid-race. (Pace Chaser) Shatterproof
5%
Yellow Rare Avoid becoming surrounded early-race. (Front Runner) Sixth Sense
5%
Yellow Rare Increase acceleration when passing another runner mid-race. (Mile) Step on the Gas!
5%
Blue Unique Greatly recover endurance with a gentle light when overtaken toward the back mid-race. Superior Heal
5%
Yellow Rare Moderately increase ability to navigate smoothly. (Pace Chaser) Technician
5%
Yellow Rare Increase velocity when engaged in a challenge mid-race. (Dirt) Trending in the Charts!
5%
Yellow Normal Slightly increase passing ability. (Mile) Unyielding Spirit
5%
Yellow Unique Moderately increase velocity with winning ambition when positioned toward the front on the final straight after engaging in a challenge on the final corner or later. V Is for Victory!
5%
Blue Normal Slightly decrease fatigue, then very slightly decrease velocity of runners ahead when positioned toward the back upon approaching mid-race. (Mile) Watchful Eye
5%
Yellow Unique Increase velocity with a blazing spirit when pressured by another runner in the front part of the pack on the final corner or later. Arrows Whistle, Shadows Disperse
3%
Red Rare Dull movement for runners ahead when positioned toward the back early-race. (Mile) Battle Formation
3%
Yellow Unique Moderately increase velocity with a strong turn of foot when passing another runner toward the back on the final straight. Focused Mind
3%
Yellow Normal Moderately increase navigation late-race. Go with the Flow
3%
Blue Normal Slightly regain composure by calming down when the way ahead is jammed. (End Closer) Levelheaded
3%
Yellow Rare Prepare to make for the finish line for a medium duration mid-race. (Sprint) Perfect Prep!
3%
Yellow Unique Increase velocity in a dash for the lead after running calmly and according to plan up until the final straight. Schwarzes Schwert
3%
Yellow Normal Slightly increase ability to navigate smoothly. (Pace Chaser) Shrewd Step
3%
Yellow Rare Move up in preparation to close the gap when positioned toward the back late-race. (End Closer) Sturm und Drang
3%
Red Rare Increase fatigue for rushed runners behind when positioned toward the front mid-race. Tantalizing Trick
3%
Yellow Unique Increase velocity with pretty princess power when engaged in a challenge on the final straight. A Princess Must Seize Victory!
0%
Yellow Unique Increase ability to break out of the pack when engaged in a challenge in midpack on the final corner. Dancing in the Leaves
0%
Yellow Rare Avoid becoming surrounded for a medium duration when positioned toward the back mid-race. (Medium) Lightning Step
0%
Yellow Normal Moderately increase velocity in the second half of the race, but also greatly increase fatigue sometimes. Risky Business
0%
Negative/Purple Normal Moderately increase fatigue when in the lead by too large of a margin. Running Idle
0%
Red Normal Slightly cause panic in and very slightly dull movement for runners ahead when positioned toward the back early-race. (Sprint) Stop Right There!
0%
Yellow Normal Slightly widen field of view when positioned toward the back late-race. (End Closer) Strategist
0%
No matching quizzes found
Score Distribution
Percent of People with Each Score
Percentile by Number Answered
Your Score History
You have not taken this quiz